Meranie a hodnotenie výsledkov vzdelávania v medzinárodných komparatívnych štúdiách Vedomosti slovenských žiakov z prírodovedných predmetov v medzinárodnom porovnaní

Priebeh testovania Tretej medzinárodnej štúdie v matematike a prírodovedných predmetoch - TIMSS v 45 krajinách. Typy úloh v testoch z prírodovedných predmetov. Testované tematické oblastí z prírodovedných predmetov. Úspešnosť trinásťročných slovenských žiakov v prírodovedných predmetoch. Rozdiely v...

Full description

Bibliographic Details
Main Author: Berová, Mária (Author)
Format: Article
Language:Slovak
Subjects:

MARC

LEADER 00000nab a2200000 a 4500
001 vtls001504414
003 SK-MaSNL
005 20260303190209.0
008 140624s1998 xo 000 0 slo
035 |a SPKCL6741 
040 |a SPKCL  |b slo  |c SNKBUCL  |d ÚIP-SPK(ZZ)  |e AACR2 
041 |a slo 
044 |a xo  |c SK 
080 |a 372.85:37.014.25:371.263  |2 1981 
100 1 |a Berová, Mária  |4 aut  |9 12198 
245 1 0 |a Meranie a hodnotenie výsledkov vzdelávania v medzinárodných komparatívnych štúdiách  |b Vedomosti slovenských žiakov z prírodovedných predmetov v medzinárodnom porovnaní  |c Mária Berová 
520 |a Priebeh testovania Tretej medzinárodnej štúdie v matematike a prírodovedných predmetoch - TIMSS v 45 krajinách. Typy úloh v testoch z prírodovedných predmetov. Testované tematické oblastí z prírodovedných predmetov. Úspešnosť trinásťročných slovenských žiakov v prírodovedných predmetoch. Rozdiely v úspešnosti riešenia úloh medzi chlapcami a dievčatami. Znázornenie priemernej úspešnosti slovenských chlapcov a dievčat v 7. a 8. ročníku v prírodovedných oblastiach 
650 0 7 |a matematika  |2 SPK  |9 70174 
650 0 7 |a porovnávacie štúdie  |2 SNKPH  |9 844096 
650 0 7 |a testy  |2 SPK  |9 277938 
650 0 7 |a prírodovedné predmety  |2 SPK  |9 67557 
773 1 |t Pedagogická revue  |g Roč. 50, č. 3 (1998) s. 234-248 
850 |a Slovenská pedagogická knižnica Bratislava 
852 |a SPKCL  |b KIS3GCP  |b 000710000  |n SK 
999 |c 2135021  |d 2136951